Návrh postupu ďalšieho rozvoja systému kvality v a.s. Slovenské lodenice, Komárno : Diplomová práca

Salvato in:
Dettagli Bibliografici
Autore principale: Koleno, Dušan (Autore)
Altri autori: Linczényi, Alexander, 1932- (xxx)
Natura: Manoscritto Libro
Lingua:slovacco
Pubblicazione: Trnava : STU v Bratislave MtF KMK, 1998
Soggetti:
Tags: Aggiungi Tag
Nessun Tag, puoi essere il primo ad aggiungerne!!

MARC

LEADER 00000ntm a22000003a 4500
001 stu56596
005 20160719155145.0
008 010205s1998----xo------------------slo-d
040 |a STU  |b slo 
041 0 |a slo 
044 |a xo 
100 1 |a Koleno, Dušan  |4 aut 
245 1 |a Návrh postupu ďalšieho rozvoja systému kvality v a.s. Slovenské lodenice, Komárno :  |b Diplomová práca 
260 |a Trnava :  |b STU v Bratislave MtF KMK,  |c 1998 
300 |a 50 s  |c výťah 
650 7 |a kvalita  |2 stusub 
650 7 |a manažment priemyselných podnikov  |2 stusub 
700 1 |a Linczényi, Alexander,  |d 1932-  |4 xxx  |u M300  |U MTF Ústav priemyselného inžinierstva a manažmentu  |T MTF Katedra inžinierstva kvality  |X 3055  |U M300  |Y M300  |7 A000003055 
996 |b 284M023810  |c M*DP-627  |l MMSKP  |s P  |a 0  |w stu56596_0001